MDQL
is popping MORE tags! Check the
thread
!
Quizzes
Events
Quiz Creation
Community
Videos
Private Events
Remove Ads
Sign In
Join for FREE
Feedback
Dark Mode
Quiz Categories
Sports
Geography
Music
Movies
Television
Just For Fun
Miscellaneous
History
Literature
Language
Science
Gaming
Entertainment
Religion
Holiday
For Kids
Quiz Lab
Recent
Popular Today
Quiz Kudos Today
Editor Picks
Curator Picks
Quizzes by...
Day
Popularity
Type
Ratings
Length
Year
Community
Subscriptions
Recent Discussions
Orange Saloon
Badges
Playlists
Quests
Create
Leaderboards
Showdown
Live 5
Trivia Bingo
Activity
Puzzle Library
Sporcle Events
Private Events
Virtual Trivia
Globe League
Become a Host
Pub Owners
SporcleCon
Opinionation
Our Games
Videos
Blog
Mobile Apps
Partnerships
Remove Ads and Go Orange
Feedback
Sports
Athletes
MLB
NBA
NHL
NFL
Soccer
Sports Teams
WWE
NCAA
Football
Premier League
Basketball
Baseball
Hockey
Golf
Tennis
Cricket
Rugby
Auto Racing
Olympics
World Cup
Sports
Athletes
MLB
NBA
NHL
NFL
Soccer
Sports Teams
WWE
NCAA
Football
Premier League
Basketball
Baseball
Hockey
Golf
Tennis
Cricket
Rugby
Auto Racing
Olympics
World Cup
Random Quiz
Search Sporcle
×
Quiz Lab
Quiz Lab
Sports
League
Type in answers that appear in a list
Type in answers that appear in a list
Classic
Best Score? Go Orange.
Last in the National League Stats
Can you name the teams which finished with the worst record in the National League?
By
johnlk
15m
109 Questions
163 Plays
163 Plays
163 Plays
Comments
Comments
Give Quiz Kudos
Give Quiz Kudos
-
- Ratings
hide this ad
Forced Order
Answers have to be entered in order
Answers have to be entered in order
Replay
Link that replays current quiz
Next Quiz
Link to next quiz in quiz playlist
You Got
0%
They Got
Avg Score
59%
Avg Friend Score
Upgrade to see
Score Distribution
Jump to the score distribution portion of the page
Score
0/109
Timer
15:00
0
Plays Today
Year
Team
% Correct
2009
Washington Nationals
79.8%
2008
Washington Nationals
76.7%
1962
New York Mets
73.6%
1963
New York Mets
73.6%
1964
New York Mets
73.6%
1965
New York Mets
73.6%
2007
Pittsburgh Pirates
73.6%
1967
New York Mets
67.5%
2005
Pittsburgh Pirates and Colorado Rockies (tied)
67.5%
1969
San Diego Padres and Montreal Expos (tied)
65%
1970
San Diego Padres
63.8%
1971
San Diego Padres
63.8%
1942
Philadelphia Phillies
63.2%
1945
Philadelphia Phillies
63.2%
1966
Chicago Cubs
63.2%
1901
Cincinnati Reds
62.6%
1921
Philadelphia Phillies
62.6%
1939
Philadelphia Phillies
62.6%
1941
Philadelphia Phillies
62.6%
1947
Philadelphia Phillies
62.6%
2001
Pittsburgh Pirates
62.6%
1928
Philadelphia Phillies
62%
1938
Philadelphia Phillies
62%
1940
Philadelphia Phillies
62%
1944
Philadelphia Phillies
62%
1923
Philadelphia Phillies
61.3%
1926
Philadelphia Phillies
61.3%
1930
Philadelphia Phillies
61.3%
1920
Philadelphia Phillies
60.7%
1936
Philadelphia Phillies
60.7%
1951
Chicago Cubs
60.7%
1952
Pittsburgh Pirates
60.7%
1954
Pittsburgh Pirates
60.7%
1955
Pittsburgh Pirates
60.7%
1956
Chicago Cubs
60.7%
1973
San Diego Padres
60.7%
1974
San Diego Padres
60.7%
Year
Team
% Correct
1980
Chicago Cubs
60.7%
1981
Chicago Cubs
60.7%
1927
Philadelphia Phillies
60.1%
1949
Chicago Cubs
60.1%
1950
Pittsburgh Pirates
60.1%
1953
Pittsburgh Pirates
60.1%
1978
New York Mets
60.1%
1979
New York Mets
60.1%
1925
Chicago Cubs
59.5%
1948
Chicago Cubs
59.5%
1960
Philadelphia Phillies
59.5%
1961
Philadelphia Phillies
59.5%
1968
Houston Astros
59.5%
1904
Philadelphia Phillies
58.9%
1919
Philadelphia Phillies
58.9%
1957
Pittsburgh Pirates
58.9%
1958
Philadelphia Phillies
58.9%
1959
Philadelphia Phillies
58.9%
1972
Philadelphia Phillies
58.9%
2000
Philadelphia Phillies and Chicago Cubs (tied)
58.9%
1903
St. Louis Cardinals
58.3%
1922
Boston Braves
58.3%
1906
Boston Beaneaters
57.7%
1907
St. Louis Cardinals
57.7%
1908
St. Louis Cardinals
57.7%
1937
Cincinnati Reds
57.7%
1943
New York Giants
57.7%
1990
Atlanta Braves
57.7%
1902
New York Giants
57.1%
1912
Boston Braves
57.1%
1924
Boston Braves
57.1%
1929
Boston Braves
57.1%
1931
Cincinnati Reds
57.1%
1933
Cincinnati Reds
57.1%
1934
Cincinnati Reds
57.1%
1946
New York Giants
57.1%
1989
Atlanta Braves
57.1%
Year
Team
% Correct
1997
Philadelphia Phillies and Chicago Cubs (tied)
57.1%
1910
Boston Doves
56.4%
1911
Boston Braves
56.4%
1914
Cincinnati Reds
56.4%
1916
St. Louis Cardinals
56.4%
1918
St. Louis Cardinals
56.4%
1976
Montreal Expos
56.4%
1977
Atlanta Braves
56.4%
1988
Atlanta Braves
56.4%
1998
Florida Marlins
56.4%
1999
Florida Marlins
56.4%
1905
Brooklyn Superbas
55.8%
1909
Boston Rustlers
55.8%
1913
St. Louis Cardinals
55.8%
1932
Cincinnati Reds
55.8%
1935
Boston Braves
55.8%
1993
New York Mets
55.8%
1995
Pittsburgh Pirates
55.8%
1983
New York Mets
55.2%
2006
Chicago Cubs
55.2%
1975
Houston Astros
54.6%
1984
San Francisco Giants
54.6%
1915
New York Giants
54%
1982
Cincinnati Reds
54%
1986
Pittsburgh Pirates
53.4%
1987
San Diego Padres
53.4%
1917
Pittsburgh Pirates
52.8%
1985
Pittsburgh Pirates
52.8%
1994
San Diego Padres
52.1%
2003
San Diego Padres
52.1%
1991
Houston Astros
50.9%
1996
Philadelphia Phillies
49.7%
2004
Arizona Diamondbacks
47.2%
1992
Los Angeles Dodgers
45.4%
2002
Milwaukee Brewers
45.4%
Quiz Playlist
Details
Report
Send in Message
Add To Playlist
Classic:
Type in answers that appear in a list
Forced Order:
Answers have to be entered in order
Last Updated: Feb 16, 2017
Quiz Scoreboard
CHALLENGE
Sign Up to Join the Scoreboard
Show All
Scores
Hide
Comments
May contain spoilers
Recently Published
Colored Red Africa Blitz
by spor1
Geography
30s
Find the 'City' Movie
by crazypaving
Movies
60s
5x2 Blitz: Bands
by SL_Kpop136
Music
30s
More to Explore
Quiz From the Vault
Featured Blog Post
14 Easter Pick-up Lines to Find Eggs With
hide this ad
You Might Also Like...
Tags
Finished
last
League
national
National League
record
team
Worst
Today's Top Quizzes in Sports
Browse Sports
hide this ad
Today's Top Quizzes in League
Browse League
Top Contributed Quizzes in Sports
1
Les entraîneurs de l'OM et du PSG au 21e siècle
2
Les meilleurs buteurs des matchs entre le PSG et l’OM
3
Players with Multiple 50 Home Run Seasons
4
2022 World Cup Stars
5
Les joueurs passés par le PSG et l'OM
6
NBA Logic Puzzle 2.0
7
Criteria MLB: Left Handed Sluggers
8
MLB Players with Two .350 Batting Average Seasons
9
Top 10 NHL Goal Scorers of All Time
10
Who Hit More Homers?
Explore More
Trending Topics
NBA
Harry Potter
Kpop
Crossword
Marvel
Anime
Disney
Puzzle
The Office
Song
Country
Pokémon
NFL
Soccer
WWE
hide this ad
More By:
johnlk
Quiz
Plays
Rating
Category
Featured
Created
Countries in Shakespeare
118,279
4.64
Literature
Nov 11, 2010
Largest American Indian Tribes in the US
111,774
4.63
Geography
Jun 8, 2010
World's Largest Cities (1911)
85,439
4.78
History
Jun 24, 2013
200 Most Populous US Cities (1900)
48,543
4.41
History
Jan 21, 2011
100 Greatest Classical Composers (Digital Dream Door)
30,685
4.70
Music
Nov 4, 2011
Go to Creator's Profile
Score Distribution
Quiz Creator Spotlight
johnlk
Follow
Send a Message
Quizzes Created
-
Created Quiz Play Count
-
More By This Creator
Popular Quizzes Today
1
Colored Red Africa Blitz
2
Find the 'City' Movie
3
5x2 Blitz: Bands
4
Find the US States - No Outlines Minefield
5
The Countries of the World
6
Find the US States
7
US States
8
Find the Countries of Europe - No Outlines Minefield
More Sports Quizzes
Win The Premier League: 2013–14
Quiz Lab
Trending Quizzes
Colored Red Europe Blitz I
Colored Red Europe Blitz II
Colored Red Africa Blitz II
Colored Red Europe Blitz III
Colored Red Africa Blitz III
Recently Updated
How Do You Spell That?
pecheneg
Godzilla Movies
pecheneg
Grab Bag: 4-10 Letters
pecheneg
2024 March Madness Bracket
pecheneg
Famous TV Couples
Peacemaker
Champions League XIs: Real Madrid
pecheneg
Largest US Cities 1790-2010
pecheneg
Rides in Walt Disney World
pecheneg
Most Oscar Losses (Acting)
pecheneg
Beyoncé Albums
pecheneg
Trending Topics
Disney
Harry Potter
Crossword
Marvel
Anime
NBA
Kpop
WWE
The Office
NFL
Soccer
Pokémon
Song
Country
Puzzle
Your Account Isn't Verified!
In order to create a playlist on Sporcle, you need to verify the email address you used during registration. Go to your
Sporcle Settings
to finish the process.
Report this User
Report this user for behavior that violates our
Community Guidelines
.
Details:
Send Report
Go to the Sporcle.com Mobile Site →
Comments